<?xml version="1.0" encoding="UTF-8"?><?xml-stylesheet type="text/xsl" href="static/style.xsl"?><OAI-PMH xmlns="http://www.openarchives.org/OAI/2.0/" xmlns:xsi="http://www.w3.org/2001/XMLSchema-instance" xsi:schemaLocation="http://www.openarchives.org/OAI/2.0/ http://www.openarchives.org/OAI/2.0/OAI-PMH.xsd"><responseDate>2026-06-05T17:19:46Z</responseDate><request verb="GetRecord" identifier="oai:riuma.uma.es:10630/33661" metadataPrefix="marc">https://riuma.uma.es/rest/oai/request</request><GetRecord><record><header><identifier>oai:riuma.uma.es:10630/33661</identifier><datestamp>2026-02-03T10:49:42Z</datestamp><setSpec>com_10630_2254</setSpec><setSpec>col_10630_37953</setSpec></header><metadata><record xmlns="http://www.loc.gov/MARC21/slim" xmlns:dcterms="http://purl.org/dc/terms/" xmlns:doc="http://www.lyncode.com/xoai" xmlns:xsi="http://www.w3.org/2001/XMLSchema-instance" xsi:schemaLocation="http://www.loc.gov/MARC21/slim http://www.loc.gov/standards/marcxml/schema/MARC21slim.xsd">
   <leader>00925njm 22002777a 4500</leader>
   <datafield ind2=" " ind1=" " tag="042">
      <subfield code="a">dc</subfield>
   </datafield>
   <datafield ind2=" " ind1=" " tag="720">
      <subfield code="a">Caballero-Fernández, Rafael Enrique</subfield>
      <subfield code="e">author</subfield>
   </datafield>
   <datafield ind2=" " ind1=" " tag="720">
      <subfield code="a">Cruz-Morato, Marco Antonio</subfield>
      <subfield code="e">author</subfield>
   </datafield>
   <datafield ind2=" " ind1=" " tag="260">
      <subfield code="c">2011</subfield>
   </datafield>
   <datafield ind2=" " ind1=" " tag="520">
      <subfield code="a">El enfoque no agregativo utilizado por Eurostat para medir la exclusión social, basado en una batería de diversos indicadores, plantea ciertas dificultades para un adecuado diagnóstico de la situación, pues las variadas dimensiones tenidas en cuenta no permiten disponer al investigador de una medida única y clara del fenómeno. De esta manera, en este trabajo se han utilizado varios índices sintéticos, en función de diversas metodologías para la agregación de datos (una basada en técnicas estadísticas como la Distancia-Componentes Principales, y otra no estadística como el Índice de Programación por Metas), con el objetivo de medir el fenómeno de la exclusión social en la Unión Europea de nuestros días de forma más sólida que la actual utilizada por Eurostat. Así, el análisis de estos indicadores puede arrojar luz sobre la verdadera situación de exclusión social y sus principales singularidades, con la intención de ser más eficaces en las políticas aplicadas.</subfield>
   </datafield>
   <datafield ind1="8" ind2=" " tag="024">
      <subfield code="a">Caballero Fernández, R.E., &amp; Cruz Morato, M.A. (2011). Análisis de la exclusión social en la Unión Europea basado en indicadores sintéticos. Rect@ Revista Electrónica de Comunicaciones y Trabajos de ASEPUMA. 12 (1), pp. 85 - 104.</subfield>
   </datafield>
   <datafield ind1="8" ind2=" " tag="024">
      <subfield code="a">1575-605X</subfield>
   </datafield>
   <datafield ind1="8" ind2=" " tag="024">
      <subfield code="a">https://hdl.handle.net/10630/33661</subfield>
   </datafield>
   <datafield tag="653" ind2=" " ind1=" ">
      <subfield code="a">Aislamiento social - Unión Europea</subfield>
   </datafield>
   <datafield tag="653" ind2=" " ind1=" ">
      <subfield code="a">Marginación social - Unión Europea</subfield>
   </datafield>
   <datafield ind2="0" ind1="0" tag="245">
      <subfield code="a">Análisis de la exclusión social en la Unión Europea basado en indicadores sintéticos</subfield>
   </datafield>
</record>
</metadata></record></GetRecord></OAI-PMH>